Tale of four Indian cities: Consequences of British empire on native centres of prosperity (Record no. 394900)
[ view plain ]
| 000 -LEADER | |
|---|---|
| fixed length control field | 00541 a2200193 4500 |
| 005 - DATE & TIME | |
| control field | 20260319102152.0 |
| 008 - FIXED-LENGTH DATA ELEMENTS--GENERAL INFORMATION | |
| fixed length control field | 260318b |||||||| |||| 00| 0 eng d |
| 020 ## - ISBN | |
| International Standard Book Number | 9781041034650 |
| Price | Rs. 1295.00 |
| 040 ## - CATALOGING SOURCE | |
| Original cataloging agency | VIVEKANANDA LIBRARY |
| 082 ## - DDC NUMBER | |
| Classification number | 954.03 |
| Book Number | S75T |
| 100 ## - MAIN ENTRY--PERSONAL NAME | |
| Personal name | Seth, Vijay K |
| 245 ## - TITLE STATEMENT | |
| Title | Tale of four Indian cities: Consequences of British empire on native centres of prosperity |
| 260 ## - PUBLICATION, DISTRIBUTION, ETC. (IMPRINT) | |
| Name of publisher, distributor, etc | Routledge |
| Date of publication, distribution, etc | 2025 |
| Place of publication, distribution, etc | Abingdon |
| 300 ## - PHYSICAL DESCRIPTION | |
| Pages | viii, 226 |
| 650 ## - Subject | |
| Subject | History |
| 650 ## - Subject | |
| Subject | Indian-History |
| 650 ## - Subject | |
| Subject | British Rules |
| 942 ## - ADDED ENTRY ELEMENTS (KOHA) | |
| Koha item type | Books |
| Withdrawn status | Lost status | Source of classification or shelving scheme | Damaged status | Not for loan | Location (home branch) | Sublocation or collection (holding branch) | Shelving location | Date acquired | Koha issues (times borrowed) | Koha full call number | Accession No. | Koha date last seen | Koha item type |
|---|---|---|---|---|---|---|---|---|---|---|---|---|---|
| Dewey Decimal Classification | VIVEKANANDA LIBRARY | VIVEKANANDA LIBRARY | Vivekananda Library | 28/01/2026 | 1 | 954.03 S75T | 444679 | 13/04/2026 | Books |
